[Event "Erfurt AT op 23rd"]
[Site "Erfurt"]
[Date "2013.12.29"]
[Round "6.3"]
[White "Schmidt, Sergej"]
[Black "Seidlitz, Cliff"]
[Result "1-0"]
[WhiteElo "1673"]
[BlackElo "1504"]
[PlyCount "97"]
[EventDate "2013.12.27"]
[EventType "swiss"]
[EventRounds "7"]
[EventCountry "GER"]
[SourceTitle "EXT 2024"]
[Source "ChessBase"]
[SourceDate "2023.10.10"]
[SourceVersion "1"]
[SourceVersionDate "2023.10.10"]
[SourceQuality "1"]

1. e4 e6 2. d4 d5 3. exd5 exd5 4. Nf3 Bd6 5. c4 dxc4 6. Bxc4 Nf6 7. 0-0 0-0 8. Nc3 a6 9. Bg5 h6 10. Bxf6 Qxf6 11. Ne5 Bxe5 12. dxe5 Qxe5 13. Re1 Qg5 14. Qf3 Nc6 15. Bxf7+ Kh8 16. Re8 Bg4 17. Rxa8 Bxf3 18. Rxf8+ Kh7 19. Bg8+ Kg6 20. Rxf3 Qd2 21. b3 Ne5 22. Rg3+ Kf5 23. Rd1 Qf4 24. Nd5 Qh4 25. f4 Ng4 26. Ne3+ Nxe3 27. Rxe3 Qf6 28. Be6+ Kg6 29. f5+ Kh7 30. Red3 Qg5 31. Rd7 h5 32. Rf1 Qf6 33. Rf7 Qd4+ 34. Kh1 Kh6 35. Rxc7 h4 36. Rc4 Qd3 37. Rxh4+ Kg5 38. Rhf4 Kf6 39. a4 b5 40. axb5 Qxb5 41. Bc4 Qa5 42. Rg4 Qc3 43. Rg6+ Ke7 44. Rxa6 Qd4 45. f6+ gxf6 46. Rfxf6 Qd1+ 47. Rf1 Qd4 48. Rf7+ Ke8 49. Ra8+ 1-0

[Event "Erfurt AT op 23rd"]
[Site "Erfurt"]
[Date "2013.12.27"]
[Round "2.5"]
[White "Kosev, Momchil"]
[Black "Seidlitz, Cliff"]
[Result "0-1"]
[WhiteElo "1332"]
[BlackElo "1504"]
[PlyCount "96"]
[EventDate "2013.12.27"]
[EventType "swiss"]
[EventRounds "7"]
[EventCountry "GER"]
[SourceTitle "EXT 2024"]
[Source "ChessBase"]
[SourceDate "2023.10.10"]
[SourceVersion "1"]
[SourceVersionDate "2023.10.10"]
[SourceQuality "1"]

1. e4 e6 2. d4 d5 3. exd5 exd5 4. Bd3 Bd6 5. Ne2 c6 6. c3 Bg4 7. h3 Bh5 8. Qc2 Nd7 9. Bf4 Ndf6 10. Bxd6 Qxd6 11. Nd2 Ne7 12. 0-0-0 Bg6 13. g4 Bxd3 14. Qxd3 h6 15. f4 Ng6 16. Rde1 0-0-0 17. Qf5+ Rd7 18. Nb3 Re8 19. Nc5 Nh4 20. Qd3 Rde7 21. Rh2 Re3 22. Qc2 Nf3 23. Reh1 Nxh2 24. Rxh2 Qe7 25. Kd1 Kb8 26. a4 Rg3 27. Ne4 Rf3 28. Nd2 Re3 29. Nf1 Rf3 30. Nd2 Rxf4 31. Qd3 Nxg4 32. hxg4 Rxg4 33. Qf5 Rg6 34. Qf4+ Ka8 35. b4 Re6 36. Qf3 g5 37. a5 f5 38. Nc1 Re3 39. Qxf5 Rxc3 40. Ne2 Re3 41. Qg4 Qxb4 42. a6 Qa4+ 43. Kc1 Qxa6 44. Ng1 Qa1+ 45. Nb1 Re1+ 46. Kd2 Qxb1 47. Ne2 Rd1+ 48. Kc3 Re3# 0-1